Library Banner

Understanding your management style: (Record no. 20256)

MARC details
000 -LEADER
fixed length control field 00507nam a2200181Ia 4500
001 - CONTROL NUMBER
control field 19888
008 - FIXED-LENGTH DATA ELEMENTS--GENERAL INFORMATION
fixed length control field 140408s9999 xx 000 0 und d
020 ## - INTERNATIONAL STANDARD BOOK NUMBER
International Standard Book Number 0-669-24814-2
040 ## - CATALOGING SOURCE
Transcribing agency PK-LaUMT
082 ## - DEWEY DECIMAL CLASSIFICATION NUMBER
Classification number 658.409
Item number BEN-U
100 ## - MAIN ENTRY--PERSONAL NAME
Personal name Jean Knox
245 ## - TITLE STATEMENT
Title Understanding your management style:
Remainder of title Beyond the myers-briggs type indicators.
Statement of responsibility, etc Jean Knox<>Robert Benfari
260 ## - PUBLICATION, DISTRIBUTION, ETC. (IMPRINT)
Place of publication, distribution, etc Berkley,USA:
Name of publisher, distributor, etc Macromedia Press,
Date of publication, distribution, etc 1991
300 ## - PHYSICAL DESCRIPTION
Extent 202 p.
546 ## - LANGUAGE NOTE
Language note EN
700 ## - ADDED ENTRY--PERSONAL NAME
Personal name Robert Benfari
942 ## - ADDED ENTRY ELEMENTS (KOHA)
Koha item type Books
Holdings
Withdrawn status Lost status Damaged status Not for loan Home library Current library Date acquired Total Checkouts Full call number Barcode Date last seen Price effective from Koha item type
        UMT Main Campus UMT Main Campus 2014-04-07   658.409 BEN-U 23194 2014-04-23 2014-04-23 Books